| 000 | 00559nam a2200169 a 4500 | ||
|---|---|---|---|
| 005 | 20140311163018.0 | ||
| 008 | 120912s19uu xx 00 eng d | ||
| 020 | _a9781442203112 | ||
| 050 |
_aPS 3513 _b.E2Z65 2011 |
||
| 245 |
_aDr. Seuss and philosophy : _boh, the thinks you can think / _cedited by Jacob M. Held. |
||
| 260 |
_aMaryland : _bRowman & Littlefield Pub. Inc, _c2011. |
||
| 300 |
_axxii, 260 p. : _c24 cm. |
||
| 650 |
_aSeuss, Dr. _xcriticism and interpretations |
||
| 650 |
_aLiterature _xphilosophy |
||
| 942 |
_cBK _2lcc _kFOR |
||
| 999 |
_c39450 _d39450 |
||